[Event "Elit(LASK-Rockaden,Sthlm)"]
[Site "?"]
[Date "2010.03.13"]
[Round "10"]
[White "Semcesen, Daniel"]
[Black "Barkhagen, Jonas"]
[Result "1/2-1/2"]
[WhiteElo "2489"]
[BlackElo "2517"]
[PlyCount "85"]

1. Nf3 Nf6 2. c4 b6 3. d4 e6 4. a3 Bb7 5. Nc3 d5 6. cxd5 Nxd5 7. Qc2 Nxc3 8.
bxc3 Nd7 9. e4 c5 10. Bf4 cxd4 11. cxd4 Rc8 12. Qb3 Be7 13. Bd3 Nf6 14. Qb5+
Qd7 15. Ne5 Qxb5 16. Bxb5+ Kf8 17. f3 Ne8 18. Bd7 Rd8 19. Bc6 Bc8 20. Be3 f6
21. Nd3 Bd7 22. Bxd7 Rxd7 23. Ke2 Kf7 24. Rhc1 Nd6 25. a4 Rc8 26. Rxc8 Nxc8 27.
Rc1 Nd6 28. g4 Nb7 29. h3 Na5 30. Rc3 Bd8 31. Nb4 Rc7 32. Kd3 Rxc3+ 33. Kxc3
Ke7 34. f4 g6 35. Bf2 Kd7 36. d5 f5 37. gxf5 gxf5 38. e5 exd5 39. Nxd5 Ke6 40.
Nb4 Be7 41. Nc2 Kd5 42. Kd3 Nb3 43. Be3 1/2-1/2

[Event "Elit(LASK-Rockaden,Sthlm)"]
[Site "?"]
[Date "2010.03.13"]
[Round "10"]
[White "Karlsson, Lars"]
[Black "Bejtovic, Jasmin"]
[Result "1-0"]
[WhiteElo "2535"]
[BlackElo "2405"]
[PlyCount "115"]

1. b3 g6 2. Bb2 Nf6 3. f4 Bg7 4. Nf3 d5 5. e3 O-O 6. Be2 c5 7. O-O Nc6 8. Bb5
Qb6 9. a4 a6 10. Bxc6 Qxc6 11. a5 Bg4 12. d3 Rad8 13. Nbd2 Rfe8 14. Qe1 Bxf3
15. Nxf3 d4 16. Ne5 Qc7 17. e4 Nh5 18. Qf2 Nxf4 19. Nxf7 Rf8 20. Qxf4 Qxf4 21.
Rxf4 Rxf7 22. Rxf7 Kxf7 23. Bc1 Ke6 24. Ra4 Rc8 25. Rc4 Rc6 26. Bf4 Be5 27.
Bxe5 Kxe5 28. Kf2 Kd6 29. Kf3 e5 30. Kg4 h6 31. h4 Ke6 32. h5 gxh5+ 33. Kxh5
Kd7 34. g3 Kc7 35. g4 b5 36. axb6+ Kxb6 37. g5 hxg5 38. Kxg5 Rc8 39. Kf6 Re8
40. Kf7 Rh8 41. Ke6 Re8+ 42. Kd5 Kb5 43. Rxc5+ Kb4 44. Rc4+ Ka3 45. b4 Kb2 46.
Kd6 Kc1 47. Rc5 Kd2 48. Rxe5 Rb8 49. Rc5 Rxb4 50. e5 a5 51. Rxa5 Kxc2 52. Kc5
Rb3 53. Kxd4 Rxd3+ 54. Ke4 Rh3 55. Rc5+ Kb3 56. Rc8 Ka2 57. Rb8 Rh4+ 58. Kd5
1-0

[Event "Elit(LASK-Rockaden,Sthlm)"]
[Site "?"]
[Date "2010.03.13"]
[Round "10"]
[White "Smith, Axel"]
[Black "Blomqvist, Erik"]
[Result "1/2-1/2"]
[WhiteElo "2516"]
[BlackElo "2497"]
[PlyCount "97"]

1. d4 d5 2. c4 c6 3. e3 Bf5 4. cxd5 cxd5 5. Qb3 Qc7 6. Nc3 e6 7. e4 Bxe4 8. f3
Bg6 9. Bf4 Qb6 10. Nb5 Na6 11. Rc1 Kd8 12. Kf2 f6 13. Nc7 Qxb3 14. axb3 Nxc7
15. Bxc7+ Ke8 16. Bb5+ Kf7 17. Bg3 Bb4 18. Rc7+ Ne7 19. Ne2 Rhc8 20. Rxb7 a5
21. Bc7 Bc2 22. Bd7 Rxc7 23. Rxc7 Bxb3 24. f4 g6 25. Ra1 Rb8 26. g3 Bd6 27. Rc3
Bc4 28. Rc2 Rb7 29. Ba4 Nf5 30. g4 Nxd4 31. Nxd4 Bc5 32. Rd1 e5 33. fxe5 fxe5
34. Kg3 Bxd4 35. b3 Bb5 36. Bxb5 Rxb5 37. Rf1+ Ke7 38. Rc7+ Kd6 39. Rff7 Rxb3+
40. Kh4 e4 41. Rxh7 Be3 42. g5 Rb2 43. h3 Ke5 44. Rc6 Rb6 45. Re7+ Kf5 46. Rf7+
Ke5 47. Re7+ Kf5 48. Rf7+ Ke5 49. Re7+ 1/2-1/2

[Event "Elit(LASK-Rockaden,Sthlm)"]
[Site "?"]
[Date "2010.03.13"]
[Round "10"]
[White "Hedman, Erik"]
[Black "Tikkanen, Hans"]
[Result "0-1"]
[WhiteElo "2438"]
[BlackElo "2507"]
[PlyCount "146"]

1. e4 e5 2. Nc3 Nf6 3. Bc4 Nc6 4. d3 Bb4 5. Nf3 d6 6. a3 Bxc3+ 7. bxc3 Be6 8.
Bxe6 fxe6 9. O-O O-O 10. Qe2 Qe8 11. Nh4 Qh5 12. Qxh5 Nxh5 13. g3 Nf6 14. f4
exf4 15. Bxf4 Nh5 16. Be3 Ne5 17. Kg2 Nf6 18. Bd4 Nfd7 19. Rab1 Rxf1 20. Rxf1
b5 21. Rb1 a6 22. Nf3 Nxf3 23. Kxf3 e5 24. Be3 Kf7 25. Ra1 Rb8 26. a4 b4 27.
cxb4 Rxb4 28. Ra2 c5 29. Ke2 Nb6 30. a5 Nd7 31. Ra1 Nb8 32. Bd2 Rb2 33. Kd1 Nc6
34. Bc3 Rb5 35. Kd2 Ke7 36. Rf1 Rb8 37. h4 Rb7 38. Ke2 Nd4+ 39. Kd2 Rb8 40. g4
Nb5 41. Bb2 Nc7 42. Bc3 Ne6 43. Ba1 Rh8 44. Bc3 h5 45. Rg1 hxg4 46. Rxg4 Rf8
47. Ke2 Rf6 48. Rg3 Rf4 49. Bd2 Rxh4 50. Rxg7+ Kf6 51. Rg2 Nd4+ 52. Kf2 Rh5 53.
c3 Nb3 54. Be3 Nxa5 55. Kg3 Nb7 56. Rb2 Rh7 57. Rb6 a5 58. d4 cxd4 59. cxd4 Rc7
60. Kf3 a4 61. dxe5+ Kxe5 62. Bf4+ Ke6 63. e5 Rc3+ 64. Ke2 Rb3 65. Ra6 a3 66.
exd6 Rb2+ 67. Bd2 a2 68. Ra3 Nc5 69. d7 Kxd7 70. Ke3 Kc6 71. Bc3 Rc2 72. Bd4
Ne6 73. Be5 Kb5 0-1

[Event "Elit(LASK-Rockaden,Sthlm)"]
[Site "?"]
[Date "2010.03.13"]
[Round "10"]
[White "Nilsson, Sebastian"]
[Black "Hermansson, Emil"]
[Result "1/2-1/2"]
[WhiteElo "2381"]
[BlackElo "2465"]
[PlyCount "40"]

1. e4 c5 2. Nf3 d6 3. d4 cxd4 4. Nxd4 Nf6 5. Nc3 g6 6. Be3 Bg7 7. f3 O-O 8. Qd2
Nc6 9. Bc4 Bd7 10. O-O-O Rb8 11. Bb3 Na5 12. Bh6 Bxh6 13. Qxh6 b5 14. Nd5 e5
15. Nxf6+ Qxf6 16. Ne2 Nxb3+ 17. cxb3 b4 18. Kb1 Rfc8 19. Ng3 Qe7 20. Qd2 Rb6
1/2-1/2

[Event "Elit(LASK-Rockaden,Sthlm)"]
[Site "?"]
[Date "2010.03.13"]
[Round "10"]
[White "Berowski, Krum"]
[Black "Gajic, Mladen"]
[Result "0-1"]
[WhiteElo "2328"]
[BlackElo "2337"]
[PlyCount "66"]

1. d4 d5 2. c4 c6 3. Nc3 Nf6 4. e3 e6 5. Nf3 Nbd7 6. Qc2 Bd6 7. Be2 O-O 8. O-O
Re8 9. b3 Qe7 10. Bb2 b6 11. e4 dxe4 12. Nxe4 Nxe4 13. Qxe4 Bb7 14. Bd3 f5 15.
Qe2 c5 16. Ne5 Nf6 17. Rad1 Rad8 18. Bb1 Ne4 19. f3 cxd4 20. fxe4 Bxe5 21. exf5
exf5 22. Qf2 Qd6 23. Qxf5 Bxh2+ 24. Kh1 Qh6 25. Qxh7+ Qxh7 26. Bxh7+ Kxh7 27.
Kxh2 Re2 28. Bxd4 Rxg2+ 29. Kh3 Rd6 30. Be3 Rdg6 31. Bf4 Bc8+ 32. Kh4 R2g4+ 33.
Kh5 Rh6+ 0-1

[Event "Elit(LASK-Rockaden,Sthlm)"]
[Site "?"]
[Date "2010.03.13"]
[Round "10"]
[White "Olsson, Linus"]
[Black "Engqvist, Thomas"]
[Result "0-1"]
[WhiteElo "2351"]
[BlackElo "2450"]
[PlyCount "84"]

1. d4 d5 2. c4 c6 3. Nf3 Nf6 4. Nc3 dxc4 5. a4 Bf5 6. Nh4 Bc8 7. e3 e5 8. Bxc4
exd4 9. exd4 Bd6 10. Nf3 O-O 11. O-O Na6 12. h3 Nc7 13. Bg5 Be6 14. Bd3 Be7 15.
Re1 Ncd5 16. Rc1 h6 17. Bh4 Nb4 18. Bb1 Nh5 19. Bxe7 Qxe7 20. Ne4 Nf4 21. Nc5
b6 22. Nxe6 Nxe6 23. Bf5 Qd6 24. Bxe6 fxe6 25. Re4 Rf4 26. Qe2 Rxe4 27. Qxe4
Qd5 28. Qg4 Rf8 29. Re1 Rf6 30. Re5 Qc4 31. Qh5 Nd3 32. Qe8+ Kh7 33. Re2 Nxb2
34. Re4 Nd3 35. Rh4 Qc1+ 36. Kh2 Nxf2 37. Ne5 Qh1+ 38. Kg3 Qe1 39. Kh2 Qh1+ 40.
Kg3 Qe1 41. Kh2 Nd3 42. Nf3 Rxf3 0-1

[Event "Elit(Team Viking-Limhamn)"]
[Site "?"]
[Date "2010.03.13"]
[Round "10"]
[White "Jepson, Christian"]
[Black "Agrest, Evgenij"]
[Result "1/2-1/2"]
[WhiteElo "2463"]
[BlackElo "2680"]
[PlyCount "122"]

1. d4 d5 2. Nf3 Nf6 3. c4 c6 4. e3 Bf5 5. Nc3 e6 6. Nh4 Bg6 7. Be2 Nbd7 8. g3
Be7 9. Qb3 Rb8 10. Nxg6 hxg6 11. Qc2 Rc8 12. Bd2 a6 13. c5 e5 14. b4 Nh7 15.
O-O-O a5 16. b5 Nhf8 17. bxc6 bxc6 18. Na4 exd4 19. exd4 Ne6 20. Bc3 Ra8 21. h4
Ra7 22. h5 gxh5 23. Bxh5 Nf6 24. Be2 Rxh1 25. Rxh1 Ne4 26. Bd3 Nxc3 27. Qxc3 g6
28. Re1 Bf6 29. Bxg6 Re7 30. Rxe6 Rxe6 31. Bf5 Re4 32. Bxe4 dxe4 33. Nb6 Qxd4
34. Qxd4 Bxd4 35. Nc4 Bxc5 36. Kd1 Bxf2 37. Nd6+ Ke7 38. Nxe4 Bb6 39. Ke2 Ke6
40. a4 Kd5 41. Kd3 f5 42. Nd2 Bc7 43. Nc4 Bxg3 44. Nxa5 Bc7 45. Nc4 Kc5 46. Ne3
f4 47. Nc2 Kb6 48. Nd4 c5 49. Nf3 Ka5 50. Kc4 Bd6 51. Kb3 Kb6 52. Kc4 Bf8 53.
Nd2 Be7 54. Kd5 Ka5 55. Ke4 Bg5 56. Kd5 Be7 57. Ke4 Kxa4 58. Kxf4 Kb4 59. Ne4
c4 60. Ke3 Bf8 61. Kd2 Kb3 1/2-1/2

[Event "Elit(Team Viking-Limhamn)"]
[Site "?"]
[Date "2010.03.11"]
[Round "10"]
[White "Matlakov, Maxim"]
[Black "Schneider, Stefan"]
[Result "1-0"]
[WhiteElo "2643"]
[BlackElo "2425"]
[PlyCount "65"]

1. d4 d5 2. Nf3 Nf6 3. c4 c6 4. e3 Bf5 5. Nc3 e6 6. Nh4 Be4 7. f3 Bg6 8. Qb3
Qc7 9. Bd2 Be7 10. O-O-O dxc4 11. Bxc4 b5 12. Be2 a6 13. g4 c5 14. Nxg6 hxg6
15. g5 c4 16. Qc2 Nd5 17. f4 Nb4 18. Qe4 Qc6 19. d5 exd5 20. Nxd5 Nxd5 21. Ba5
O-O 22. Rxd5 Ra7 23. Qd4 Qe6 24. Bc3 f6 25. f5 gxf5 26. g6 Re8 27. Bf3 Nc6 28.
Qh4 Kf8 29. Rxf5 Nb4 30. Bxb4 Bxb4 31. Qh8+ Qg8 32. Rxf6+ Ke7 33. Qxg8 1-0

[Event "Elit(Team Viking-Limhamn)"]
[Site "?"]
[Date "2010.03.13"]
[Round "10"]
[White "Penalver, Osmani"]
[Black "Ivanov, Sergej"]
[Result "1-0"]
[WhiteElo "2312"]
[BlackElo "2629"]
[PlyCount "129"]

1. d4 Nf6 2. c4 e6 3. Nc3 Bb4 4. f3 d5 5. a3 Be7 6. e4 c5 7. cxd5 exd5 8. e5
Nfd7 9. f4 cxd4 10. Qxd4 Nb6 11. Nf3 Nc6 12. Bb5 O-O 13. Qf2 f6 14. exf6 Bxf6
15. O-O Bg4 16. Bd3 Qd7 17. Nb5 d4 18. a4 a6 19. Na3 Nb4 20. Bb1 Rac8 21. Bd2
a5 22. Nb5 Nxa4 23. Nfxd4 Nxb2 24. Bxb4 axb4 25. h3 Be2 26. Bf5 Bxd4 27. Bxd7
Bxf2+ 28. Rxf2 Bxb5 29. Bxc8 Nd3 30. Be6+ Kh8 31. Rf3 g6 32. Ra5 Ba6 33. Rxa6
bxa6 34. Rxd3 Rxf4 35. Rd6 a5 36. Bb3 Rf5 37. Rd3 h5 38. Rg3 Kg7 39. Bc2 Rf6
40. Rg5 Rc6 41. Ba4 Rc1+ 42. Kh2 h4 43. Be8 Re1 44. Ba4 Kh6 45. Rg4 g5 46. Rd4
Ra1 47. Bc2 Rc1 48. Rd2 Kg7 49. Rf2 Ra1 50. Rf5 a4 51. Rxg5+ Kf6 52. Rf5+ Kg7
53. Ra5 a3 54. Ra4 Rc1 55. Bb3 Rb1 56. Rxb4 Kf6 57. Rf4+ Ke5 58. Rf3 Ra1 59.
Bg8 Ke4 60. Rb3 Kd4 61. Rb4+ Kc3 62. Rxh4 Rf1 63. Rc4+ Kb2 64. Rb4+ Kc2 65. Rb8
1-0

[Event "Elit(Team Viking-Limhamn)"]
[Site "?"]
[Date "2010.03.13"]
[Round "10"]
[White "Markovic, Miroslav"]
[Black "Tadjerbashi, Amir"]
[Result "1-0"]
[WhiteElo "2535"]
[BlackElo "2246"]
[PlyCount "97"]

1. e4 e5 2. Nf3 Nc6 3. Bb5 a6 4. Ba4 Nf6 5. O-O Be7 6. d3 d6 7. c3 O-O 8. Re1
b5 9. Bc2 d5 10. Nbd2 Bg4 11. h3 Bh5 12. Nf1 Re8 13. Ng3 Bg6 14. Qe2 dxe4 15.
dxe4 Nd7 16. b4 Nb6 17. Bb3 Bd6 18. Bg5 Qb8 19. Nh4 Nd8 20. Ngf5 Bf8 21. Bxd8
Qxd8 22. Rad1 Qf6 23. Rd3 Qc6 24. Rf3 Nc4 25. Nxg6 hxg6 26. Ne3 Qxe4 27. Nxc4
Qxe2 28. Rxe2 bxc4 29. Bxc4 Re7 30. Rd2 e4 31. Rxf7 Rxf7 32. Rd7 Bd6 33. Rxf7
Kh7 34. Kf1 c5 35. Rd7 Bf8 36. bxc5 Bxc5 37. Rd5 Bb6 38. Rd6 Rb8 39. Re6 Bc5
40. Rxe4 Rb1+ 41. Ke2 Rb2+ 42. Kd3 Bxf2 43. Re2 Rxe2 44. Kxe2 Bb6 45. Bxa6 Kg8
46. Kd3 Kf8 47. Kc4 Ke7 48. Kb5 Be3 49. Kc6 1-0

[Event "Elit(Team Viking-Limhamn)"]
[Site "?"]
[Date "2010.03.13"]
[Round "10"]
[White "Eklund, Joel"]
[Black "Sagit, Rauan"]
[Result "0-1"]
[WhiteElo "2273"]
[BlackElo "2447"]
[PlyCount "108"]

1. d4 Nf6 2. c4 e6 3. Nc3 Bb4 4. Bg5 c5 5. d5 exd5 6. cxd5 O-O 7. e3 d6 8. Bd3
Nbd7 9. Nge2 Re8 10. O-O h6 11. Bh4 Ne5 12. h3 Ng6 13. Bg3 a6 14. a4 Qe7 15. e4
Ne5 16. Bc2 c4 17. f3 Nh5 18. Bh2 Bc5+ 19. Kh1 Nf6 20. Nd4 Qc7 21. Qd2 Bd7 22.
Rfe1 Rab8 23. f4 Ng6 24. e5 dxe5 25. fxe5 Nxe5 26. Ne6 fxe6 27. Bxe5 Qd8 28.
Bg6 Rc8 29. Bxe8 Nxe8 30. Rad1 Qb6 31. Bf4 Bf8 32. a5 Qc5 33. dxe6 Bc6 34. Re5
Qe7 35. Nd5 Bxd5 36. Qxd5 Nf6 37. Qd4 Rc6 38. Re3 Ne8 39. Qd7 Nf6 40. Qd4 Ne8
41. Qe5 Nf6 42. Bg3 b5 43. Bh4 g5 44. Bg3 b4 45. Be1 Rc5 46. Qb8 Rxa5 47. Qc8
Rc5 48. Qxa6 Nd5 49. Rxd5 Rxd5 50. Qxc4 Rf5 51. Qe4 Rf1+ 52. Kh2 Qc7+ 53. Bg3
Qc1 54. Be5 Qb1 0-1

[Event "Elit(Team Viking-Limhamn)"]
[Site "?"]
[Date "2010.03.13"]
[Round "10"]
[White "Ernst, Thomas"]
[Black "Holst, Conny"]
[Result "1-0"]
[WhiteElo "2491"]
[BlackElo "2272"]
[PlyCount "83"]

1. e4 c5 2. Nf3 e6 3. d4 cxd4 4. Nxd4 a6 5. Bd3 Bc5 6. Nb3 Be7 7. O-O d6 8. Qg4
g6 9. Qe2 Nd7 10. c4 b6 11. Nc3 Qc7 12. Bf4 Bb7 13. a4 Ne5 14. a5 Rc8 15. axb6
Qxb6 16. Na5 Nxd3 17. Qxd3 Ba8 18. Rfd1 Rd8 19. Be3 Qb8 20. c5 Qc8 21. Qd4 Nf6
22. Qa4+ Kf8 23. cxd6 Rxd6 24. Rxd6 Bxd6 25. Qd4 Be7 26. Bh6+ Kg8 27. Rd1 Qb8
28. Nc4 Ne8 29. e5 Qb7 30. f3 f6 31. Qd7 Kf7 32. Ne4 Qxd7 33. Rxd7 g5 34. Ned6+
Kg6 35. Rxe7 Bd5 36. Rxe8 Rxe8 37. Nxe8 Bxc4 38. exf6 Bb5 39. f7 Kxf7 40. Nd6+
Kg6 41. Nxb5 axb5 42. Bf8 1-0

[Event "Elit(Team Viking-Limhamn)"]
[Site "?"]
[Date "2010.03.13"]
[Round "10"]
[White "Nylen, Anders"]
[Black "Cramling, Dan"]
[Result "0-1"]
[WhiteElo "2232"]
[BlackElo "2419"]
[PlyCount "124"]

1. d4 Nf6 2. c4 c5 3. d5 b5 4. cxb5 a6 5. f3 axb5 6. e4 Qa5+ 7. Bd2 b4 8. Na3
d6 9. Nc4 Qd8 10. a3 e6 11. Bg5 exd5 12. exd5 Be7 13. Ne2 O-O 14. Ng3 bxa3 15.
Rxa3 Rxa3 16. bxa3 Nxd5 17. Qxd5 Bxg5 18. Qxd6 Be6 19. Qxd8 Rxd8 20. Ne4 Bc1
21. Ned2 Nc6 22. Kd1 Bxd2 23. Nxd2 Ra8 24. Nb1 Bf5 25. Kc1 Bxb1 26. Kxb1 Rxa3
27. Bc4 Kf8 28. Re1 Rc3 29. Re4 f5 30. Kb2 fxe4 31. Kxc3 exf3 32. gxf3 Ke7 33.
f4 Nd4 34. Kd3 Nf5 35. Bg8 h6 36. Ke4 Kf6 37. Ba2 Ne7 38. Bb3 Nf5 39. Ba2 Ne7
40. Bb3 Nc6 41. Bc4 Nd4 42. Ba2 Kg6 43. Bd5 Kh5 44. Bb7 Kh4 45. Bc8 Nc6 46. Be6
Nb4 47. Ke3 Na6 48. Kd3 Nc7 49. Bc8 Nd5 50. Ke4 Nf6+ 51. Kf5 c4 52. Kg6 c3 53.
Bf5 Nh5 54. Bb1 Nxf4+ 55. Kxg7 h5 56. Kf6 Nd5+ 57. Ke5 Nb4 58. Kf4 c2 59. Bxc2
Nxc2 60. Kf3 Kh3 61. Kf4 h4 62. Kf3 Nd4+ 0-1

[Event "Elit(Team Viking-Limhamn)"]
[Site "?"]
[Date "2010.03.13"]
[Round "10"]
[White "Lindberg, Bo"]
[Black "Mansson, Lars"]
[Result "1-0"]
[WhiteElo "2431"]
[BlackElo "2233"]
[PlyCount "71"]

1. e4 c6 2. d4 d5 3. e5 Bf5 4. c3 e6 5. Be3 Nd7 6. Nd2 Ne7 7. f4 Bg6 8. Ngf3
Nf5 9. Bf2 h5 10. Be2 b5 11. a4 a6 12. b3 Be7 13. O-O Qb8 14. Ra2 Qb7 15. Qa1
b4 16. c4 h4 17. Rc1 Bd8 18. a5 Bh5 19. Bd3 h3 20. cxd5 cxd5 21. g3 Bg6 22. Qb1
Rh6 23. g4 Nh4 24. Bxh4 Bxd3 25. Qxd3 Bxh4 26. g5 Rh5 27. Rac2 Qb8 28. Rc6 Qd8
29. Rc7 Bxg5 30. fxg5 Rxg5+ 31. Nxg5 Qxg5+ 32. Kf1 Qg2+ 33. Ke1 Qxh2 34. Nf1
Nxe5 35. Qe3 Ng4 36. Qf3 1-0

[Event "Elit(Kamraterna-Vasteras)"]
[Site "?"]
[Date "2010.03.13"]
[Round "10"]
[White "Akesson, Ralf"]
[Black "Aberg, Anton"]
[Result "1-0"]
[WhiteElo "2504"]
[BlackElo "2454"]
[PlyCount "59"]

1. d4 d6 2. Nf3 Nf6 3. c4 c6 4. Nc3 Qc7 5. e4 e5 6. Be2 Bg4 7. Be3 Nbd7 8. O-O
g6 9. Rc1 Bg7 10. h3 Bxf3 11. Bxf3 exd4 12. Qxd4 O-O 13. Rfd1 Ne8 14. Qd2 a5
15. b3 b6 16. g3 Nc5 17. Bg2 Rd8 18. Qc2 Nf6 19. a3 Ne6 20. b4 axb4 21. axb4
Rfe8 22. f4 Nf8 23. Rd3 c5 24. Rcd1 Qb8 25. bxc5 bxc5 26. Bf2 Rd7 27. R3d2 Red8
28. Nb5 Ne6 29. Bf3 Qc8 30. Nxd6 1-0

[Event "Elit(Kamraterna-Vasteras)"]
[Site "?"]
[Date "2010.03.13"]
[Round "10"]
[White "Svensson, Bengt"]
[Black "Norberg, Johan"]
[Result "1-0"]
[WhiteElo "2468"]
[BlackElo "2339"]
[PlyCount "83"]

1. e4 g6 2. d4 Bg7 3. Nc3 d6 4. f4 Nf6 5. Nf3 c5 6. Bb5+ Bd7 7. e5 Ng4 8. e6
Bxb5 9. exf7+ Kd7 10. Nxb5 Qa5+ 11. Nc3 cxd4 12. Nxd4 h5 13. h3 Nc6 14. Nde2
Nh6 15. Be3 Nf5 16. Bf2 Raf8 17. O-O h4 18. Qd3 e6 19. a3 Ke7 20. b4 Qc7 21.
Rae1 Kxf7 22. Ne4 Bh6 23. Qc3 Qe7 24. Qf3 d5 25. Nc5 b6 26. Nb3 Bg7 27. b5 Na5
28. Bc5 bxc5 29. Nxa5 c4 30. Kh2 Qc5 31. a4 Ne3 32. Nc6 Nxf1+ 33. Rxf1 a6 34.
Qg4 Qe3 35. bxa6 d4 36. Rb1 Rh6 37. Rb7+ Kg8 38. Ne5 d3 39. Qxe6+ Kh7 40. Qd7
Rg8 41. Ng4 dxe2 42. Qxg7+ 1-0

[Event "Elit(Kamraterna-Vasteras)"]
[Site "?"]
[Date "2010.03.13"]
[Round "10"]
[White "Sjodahl, Pontus"]
[Black "Svenn, Gosta"]
[Result "1-0"]
[WhiteElo "2466"]
[BlackElo "2380"]
[PlyCount "93"]

1. d4 Nf6 2. c4 c5 3. d5 e5 4. Nc3 d6 5. e4 Be7 6. Nf3 O-O 7. h3 Nbd7 8. Be3 a6
9. a4 Ne8 10. Bd3 Rb8 11. Qc2 Nc7 12. O-O Nf6 13. Kh2 Nh5 14. g3 h6 15. Ng1 Bg5
16. f4 exf4 17. gxf4 Bh4 18. Qg2 f5 19. Nge2 Qf6 20. Qf3 g6 21. Rg1 Kh7 22. Rg2
Bd7 23. Rag1 Rg8 24. Bd2 Rbf8 25. exf5 Bxf5 26. Ne4 Qe7 27. b4 b6 28. a5 Re8
29. Ng5+ hxg5 30. Bxf5 Ng7 31. Bd3 bxa5 32. bxc5 dxc5 33. Qg4 Rgf8 34. Kh1 Kg8
35. Bxg6 Rb8 36. fxg5 Bf2 37. Rf1 Be3 38. Rxf8+ Rxf8 39. Bxe3 Qxe3 40. Kh2 Nce8
41. Qh4 Rf3 42. Bh7+ Kf8 43. Be4 Rf7 44. Bg6 Rf3 45. Be4 Rf7 46. g6 Rf6 47. d6
1-0

[Event "Elit(Kamraterna-Vasteras)"]
[Site "?"]
[Date "2010.03.13"]
[Round "10"]
[White "Andreasson, Ingvar"]
[Black "Eriksson, Anders"]
[Result "1-0"]
[WhiteElo "2434"]
[BlackElo "2362"]
[PlyCount "131"]

1. d4 Nf6 2. Nf3 e6 3. Bg5 h6 4. Bh4 c5 5. e3 b6 6. Nbd2 Bb7 7. Bd3 cxd4 8.
exd4 Be7 9. O-O O-O 10. Re1 Nh5 11. Bxe7 Qxe7 12. c3 d6 13. a4 Nd7 14. a5 Qd8
15. Qa4 Qc7 16. Be4 Nhf6 17. Bxb7 Qxb7 18. Qb4 d5 19. Ra2 b5 20. a6 Qc6 21. Ra5
Rab8 22. Ne5 Nxe5 23. dxe5 Ne8 24. Nb3 Nc7 25. Nd4 Qc4 26. g3 Qxb4 27. cxb4 Rb6
28. Rea1 f6 29. exf6 gxf6 30. Nb3 e5 31. Nc5 Rf7 32. Re1 d4 33. f4 Re7 34. Raa1
Nd5 35. Rad1 Rd6 36. Ne4 Rxa6 37. fxe5 fxe5 38. Rc1 Nxb4 39. Rc8+ Kh7 40. Rf1
Rc6 41. Rd8 Nd3 42. h4 Rc1 43. Rxc1 Nxc1 44. Kg2 Nd3 45. b3 a6 46. Rd6 Ra7 47.
Kf3 a5 48. Nf6+ Kg7 49. Nh5+ Kf8 50. Ke4 Nc5+ 51. Kxe5 Nxb3 52. Rxh6 Re7+ 53.
Kf6 Ke8 54. Ng7+ Kd7 55. Rh5 Rxg7 56. Kxg7 Kc6 57. Rh8 Nc5 58. Re8 a4 59. h5 a3
60. h6 a2 61. Re1 b4 62. h7 b3 63. h8=Q b2 64. Qe8+ Nd7 65. Qa8+ Kd6 66. Qxa2
1-0

[Event "Elit(Kamraterna-Vasteras)"]
[Site "?"]
[Date "2010.03.13"]
[Round "10"]
[White "Sandberg, Richard"]
[Black "Hamark, Jesper"]
[Result "1/2-1/2"]
[WhiteElo "2270"]
[BlackElo "2394"]
[PlyCount "73"]

1. e4 e5 2. Nf3 Nc6 3. Bb5 a6 4. Ba4 Nf6 5. O-O Be7 6. Re1 b5 7. Bb3 d6 8. c3
O-O 9. h3 Be6 10. Bxe6 fxe6 11. a4 Qd7 12. d3 d5 13. axb5 axb5 14. Rxa8 Rxa8
15. exd5 Qxd5 16. Qe2 Rd8 17. Nxe5 Nxe5 18. Qxe5 Qxe5 19. Rxe5 Rxd3 20. Nd2 b4
21. c4 Nd7 22. Rxe6 Bg5 23. Re2 Nb6 24. Kf1 h6 25. Ke1 b3 26. Re4 Na4 27. Ke2
Bxd2 28. Bxd2 Nxb2 29. c5 Rd5 30. Rb4 Nd3 31. Rxb3 Nxc5 32. Rb8+ Kf7 33. Be3
Ne6 34. f4 h5 35. g4 hxg4 36. hxg4 Nd4+ 37. Bxd4 1/2-1/2

[Event "Elit(Kamraterna-Vasteras)"]
[Site "?"]
[Date "2010.03.13"]
[Round "10"]
[White "Madebrink, Lars"]
[Black "Brustkern, Jurgen"]
[Result "0-1"]
[WhiteElo "2262"]
[BlackElo "2305"]
[PlyCount "74"]

1. d4 d5 2. c4 e5 3. dxe5 d4 4. Nf3 Nc6 5. g3 Nge7 6. Bg2 Ng6 7. Bg5 Qd7 8. O-O
h6 9. Bc1 Ngxe5 10. Nbd2 Be7 11. b3 O-O 12. Bb2 Rd8 13. Nxe5 Nxe5 14. Nf3 Nc6
15. Qd2 Bc5 16. Rad1 Qe7 17. Qc1 a5 18. a3 Bf5 19. b4 axb4 20. axb4 Bxb4 21.
Nxd4 Nxd4 22. Bxd4 Qxe2 23. Bxb7 Bh3 24. Bg2 Bxg2 25. Kxg2 Ra2 26. Qe3 Qxc4 27.
Ba7 Ra8 28. Bd4 Bf8 29. Rc1 Qd5+ 30. Kg1 R2a3 31. Bc3 c5 32. Rfd1 Qf5 33. Rb1
h5 34. h4 R3a6 35. Rb7 Re6 36. Qd2 Qf3 37. Qd7 Re7 0-1

[Event "Elit(Kamraterna-Vasteras)"]
[Site "?"]
[Date "2010.03.13"]
[Round "10"]
[White "Janse, Rasmus"]
[Black "Akbarinia, Arash"]
[Result "1-0"]
[WhiteElo "2241"]
[BlackElo "2349"]
[PlyCount "63"]

1. d4 d5 2. c4 e6 3. Nc3 Be7 4. Nf3 Nf6 5. Bg5 O-O 6. e3 h6 7. Bh4 b6 8. cxd5
Nxd5 9. Bxe7 Nxe7 10. Bd3 Bb7 11. Be4 Qc8 12. Ne5 Bxe4 13. Nxe4 Nd7 14. O-O
Nxe5 15. dxe5 Rd8 16. Qc2 Qb7 17. a3 Rd5 18. f4 Rad8 19. g4 Ng6 20. Rac1 R5d7
21. Qc6 Qb8 22. Qc4 Kh8 23. g5 hxg5 24. Nxg5 Qb7 25. f5 Rd2 26. Qg4 Nxe5 27.
Qh3+ Kg8 28. fxe6 f6 29. Qh7+ Kf8 30. e7+ Kxe7 31. Qxg7+ Ke8 32. Qg8+ 1-0

[Event "Elit(Kamraterna-Vasteras)"]
[Site "?"]
[Date "2010.03.13"]
[Round "10"]
[White "Nyberg, Ulf"]
[Black "Norberg, Erik"]
[Result "0-1"]
[WhiteElo "2123"]
[BlackElo "2246"]
[PlyCount "58"]

1. d4 g6 2. c4 Bg7 3. Nc3 Nf6 4. e4 d6 5. Be2 O-O 6. f4 c5 7. Nf3 cxd4 8. Nxd4
Nc6 9. Be3 Bd7 10. O-O Rc8 11. Qd2 Qa5 12. Nc2 a6 13. a3 Ng4 14. b4 Qd8 15.
Rad1 Nxe3 16. Qxe3 b5 17. Rd2 bxc4 18. Rfd1 e5 19. Rxd6 exf4 20. Qf2 Ne5 21.
Na4 f3 22. Bxf3 Nd3 23. Qa7 Bxa4 24. Rxd8 Rcxd8 25. Qxa6 Bxc2 26. Rd2 Bb3 27.
Be2 c3 28. Rxd3 c2 29. Qc6 Rc8 0-1

[Event "Elit(Wasa-Farsta)"]
[Site "?"]
[Date "2010.03.13"]
[Round "10"]
[White "Backelin, Rikard"]
[Black "Astrom, Goran"]
[Result "1/2-1/2"]
[WhiteElo "2428"]
[BlackElo "2299"]
[PlyCount "82"]
[SourceDate "2010.03.18"]

1. c4 Nf6 2. Nc3 c5 3. g3 e6 4. Nf3 b6 5. Bg2 Bb7 6. O-O Be7 7. Re1 Ne4 8. d3
Nxc3 9. bxc3 O-O 10. e4 Nc6 11. h4 Rc8 12. Ng5 h6 13. Nh3 d6 14. Bd2 Re8 15.
Nf4 Bf8 16. h5 Be7 17. Nh3 Qd7 18. f4 Na5 19. Nf2 b5 20. cxb5 Qxb5 21. Rb1 Qd7
22. f5 Rb8 23. Bh3 exf5 24. Bxf5 Qd8 25. Qa4 Qc7 26. Ng4 Nc6 27. Rf1 Bf8 28. d4
cxd4 29. cxd4 Ba8 30. Rbc1 Qb6 31. Be3 Qb4 32. Qxb4 Rxb4 33. d5 Ne7 34. Bf4
Nxf5 35. exf5 Bxd5 36. f6 Bxa2 37. fxg7 Bxg7 38. Nxh6+ Bxh6 39. Bxh6 Re2 40.
Rf2 Rxf2 41. Kxf2 Be6 1/2-1/2

[Event "Elit(Wasa-Farsta)"]
[Site "?"]
[Date "2010.03.13"]
[Round "10"]
[White "Wedberg, Tom"]
[Black "Livner, Anders"]
[Result "0-1"]
[WhiteElo "2560"]
[BlackElo "2396"]
[PlyCount "67"]

1. e4 c5 2. Nf3 e6 3. d4 cxd4 4. Nxd4 Nc6 5. Nc3 Qc7 6. g3 a6 7. Bg2 Nf6 8. O-O
Bc5 9. Nxc6 dxc6 10. Na4 Ba7 11. c4 Nd7 12. b4 a5 13. Ba3 axb4 14. Bxb4 c5 15.
Bc3 O-O 16. f4 f6 17. e5 fxe5 18. Be4 exf4 19. gxf4 Bb8 20. Bd2 Nf6 21. Bg2 Bd7
22. Nc3 Bc6 23. Qe2 Qd7 24. Bxc6 Qxc6 25. Nb5 Qe4 26. Rfe1 Qxe2 27. Rxe2 Nh5
28. Rxe6 Bxf4 29. Bxf4 Nxf4 30. Re7 b6 31. Rb7 Rad8 32. Re1 Rd2 33. Nc3 h6 34.
h4 0-1

[Event "Elit(Wasa-Farsta)"]
[Site "?"]
[Date "2010.03.12"]
[Round "10"]
[White "Ong, Kezli"]
[Black "Lejlic, Samir"]
[Result "0-1"]
[WhiteElo "2325"]
[BlackElo "2341"]
[PlyCount "62"]

1. e4 Nc6 2. Nf3 d6 3. d4 Nf6 4. Nc3 Bg4 5. d5 Ne5 6. Be2 Nxf3+ 7. Bxf3 Bxf3 8.
Qxf3 g6 9. Qd3 c6 10. dxc6 bxc6 11. Qc4 Rc8 12. Be3 Bg7 13. e5 d5 14. Qe2 Nd7
15. f4 Nb6 16. b3 O-O 17. O-O f6 18. Kh1 d4 19. Rad1 c5 20. exf6 exf6 21. Bg1
Qe8 22. Qxe8 Rfxe8 23. Nb5 Re2 24. Rf2 Rce8 25. Na3 Rxf2 26. Bxf2 Rd8 27. Nb5
Ra8 28. Rc1 Nd5 29. Bg3 Ne3 30. c3 d3 31. Rg1 d2 0-1

[Event "Elit(Wasa-Farsta)"]
[Site "?"]
[Date "2010.03.13"]
[Round "10"]
[White "Nordstrom, Felix"]
[Black "Hjelm, Niclas"]
[Result "1/2-1/2"]
[WhiteElo "2191"]
[BlackElo "2397"]
[PlyCount "37"]

1. d4 d5 2. c4 c6 3. Nf3 Nf6 4. e3 Bf5 5. Bd3 Bg6 6. Nc3 e6 7. O-O Nbd7 8. Qe2
Bb4 9. Bd2 a5 10. a3 Bxc3 11. Bxc3 O-O 12. Nd2 c5 13. Bxg6 hxg6 14. dxc5 Nxc5
15. Rfd1 dxc4 16. Qxc4 Qd5 17. b4 axb4 18. Bxb4 b6 19. h3 1/2-1/2